000 01373 a2200229 4500
001 21660
005 20260407155507.0
008 260407a2004 arg spa d
003 AR-UNSa-BCEJYS
040 _aAR-UNSa-BCEJYS
_bspa
_cAR-UNSa-BCEJYS
080 _a336.226.3
_xImpuestos por el uso de los ingresos. Impuestos al consumo. IVA
245 1 0 _aEl impuesto al valor agregado
020 _a987-03-0505-9
264 1 _aBuenos Aires :
_bLa Ley
_c2004
300 _axl, 829 p.
_c25 cm.
505 _a1. Imposición a los consumos - 2. Antecedentes, evolución y características del sistema tributario - 3. Objeto, sujeto y concepto de venta - 4. Perfeccionamiento del hecho imponible y generación del débito fiscal - 5.Exenciones - 6. Base imponible y débito fiscal - 7. Crédito fiscal - 8. Actividades con tratamientos especiales - 9. Alícuotas - 10. Período fiscal de liquidación y saldos de declaración jurada - 11. Categorización frente al impuesto - 12. Explotaciones agropecuarias - 13. Régimen especial para exportadores y actividades similares - 14. Retenciones, percepciones y pagos a cuenta
942 _cBK
590 _aniveau_biblio:m niveau_hierar:0
100 1 _aDreiling, Paola E.
700 1 _aCáceres, Alberto I.
856 4 1 _uhttps://biblioeco.unsa.edu.ar/pmb/images/libros/El Impuesto al Valor Agregado.jpg
_yImagen de portada
_qimage/jpeg
999 _c835
_d835